Manejo ecológico del suelo (Record no. 122419)
[ view plain ]
| 000 -LEADER | |
|---|---|
| campo de control de longitud fija | 00658nam a2200193 4500 |
| 001 - NÚMERO DE CONTROL | |
| campo de control | 122419 |
| 003 - IDENTIFICADOR DE NÚMERO DE CONTROL | |
| campo de control | ES-MaACL |
| 005 - FECHA Y HORA DE LA ÚLTIMA TRANSACCIÓN | |
| campo de control | 20230906191956.0 |
| 007 - CAMPO FIJO DE DESCRIPCIÓN FÍSICA--INFORMACIÓN GENERAL | |
| campo de control de longitud fija | t| |
| 008 - DATOS DE LONGITUD FIJA--INFORMACIÓN GENERAL | |
| campo de control de longitud fija | 070214s1984 sp r ||||1| spa d |
| 100 1# - ENTRADA PRINCIPAL--NOMBRE DE PERSONA | |
| Nombre de persona | Primavesi, Ana. |
| 9 (RLIN) | 93966 |
| 245 10 - MENCIÓN DEL TÍTULO | |
| Título | Manejo ecológico del suelo |
| Resto del título | : la agricultura en regiones tropicales / |
| Mención de responsabilidad, etc. | Ana Primavesi ; traducción de Silvia Lerendegui. |
| 250 ## - MENCION DE EDICION | |
| Mención de edición | 5ª ed. |
| Resto de la mención de edición | Al cuidado de Jorge S. Molina. |
| 260 ## - PUBLICACIÓN, DISTRIBUCIÓN, ETC. | |
| Lugar de publicación, distribución, etc. | Buenos Aires [etc.] : |
| Nombre del editor, distribuidor, etc. | El Ateneo, |
| Fecha de publicación, distribución, etc. | 1984. |
| 300 ## - DESCRIPCIÓN FÍSICA | |
| Extensión | XVIII, 499 p. ; |
| Dimensiones | 23 cm. |
| 700 1# - ENTRADA AGREGADA--NOMBRE PERSONAL | |
| Nombre de persona | Lerendegui, SIlvia. |
| 9 (RLIN) | 71763 |
| 700 1# - ENTRADA AGREGADA--NOMBRE PERSONAL | |
| Nombre de persona | Molina, Jorge S. |
| 9 (RLIN) | 81892 |
| 852 ## - LOCALIZACIÓN | |
| Ubicación | ES-MaACL |
| Número de control de estantería | L-10269 |
| Sublocalización o colección | R.112142 |
| Estatus retirado | Estado de pérdida | Estado de daño | No para préstamo | Biblioteca de origen | Biblioteca actual | Ubicación en estantería | Fecha de adquisición | Fuente de adquisición | Total de préstamos | Signatura topográfica completa | Código de barras | Visto por última vez | Precio de reemplazo | Tipo de ítem Koha |
|---|---|---|---|---|---|---|---|---|---|---|---|---|---|---|
| Biblioteca del Ateneo de Madrid | Biblioteca del Ateneo de Madrid | Depósito 2 | 17/01/2008 | L-10269 | 1127567 | 23/02/2023 | 23/02/2023 | Libro impreso |
